000 01051nam a22003017a 4500
001 5026
003 FISKH
005 20241101102201.0
008 241101b cb ||||| |||| 00| 0 eng d
020 _a9780061236099
040 _aFISKH
_beng
_cFISKH
_dFISKH
050 _aPZ7.O222
082 _2428
100 _aO'Connor, Jane
_d(1947–)
245 _aFancy nancy and the boy from paris /
_cby Jane O'Connor cover illustration by Robin Preiss Glasser interior illustrations by Ted Enik
250 _a2008
260 _aNew York :
_bHarperCollins,
_c2008.
300 _a32 pages :
_bColor illustrations ;
_c23 cm
505 _aH
520 _aNancy is delighted that the new boy in her class is from Paris and sets out to become his friend, then discovers that this Parisian is not quite as fancy as she had thought.
521 8 _a420L
_bLexile
521 8 _aH
_bRaz-Plus
650 _2Fiction
_aParis
650 _2Fancy Nancy
_aFriendship
700 _aGlasser, Preiss Robin
_dIllustrator
942 _2ddc
_cBK
_n0
999 _c5026
_d5026